[Event "AUTO-ADV-4898"]
[Site "http://www.queenalice.com/game.php?id=1864265"]
[Date "2025.10.14"]
[Round "1"]
[White "Zeca1955"]
[Black "Carlos19"]
[Result "1-0"]
[WhiteElo "1890"]
[BlackElo "1612"]

1. g3 e5 2. e4 Nf6 3. d3 Bc5 4. Bg2 d6 5. h3 O-O 6. Nf3 h6 7. c3 Nc6 8. O-O a6
9. Bd2 b5 10. Qc1 b4 11. Bxh6 Re8 12. Qg5 g6 13. Nbd2 Nh7 14. Qxd8 Rxd8 15. c4
f5 16. Nh4 g5 17. Nxf5 Kf7 18. Nf3 Bxf5 19. exf5 Nd4 20. Nxg5+ Nxg5 21. Bxg5 Rg8
22. Bd5+ Kg7 23. f6+ Kg6 24. h4 Ne2+ 25. Kg2 a5 26. Rae1 Rgf8 27. Bxa8 Rxa8 28.
Rxe2 a4 29. f4 exf4 30. Rxf4 a3 31. b3 Rf8 32. Re6 Be3 33. Rxe3 Rf7 34. Re6 Rf8
35. f7+ Kg7 36. Bh6+ 1-0

[Event "AUTO-ADV-4898"]
[Site "http://www.queenalice.com/game.php?id=1864266"]
[Date "2025.10.14"]
[Round "1"]
[White "Carlos19"]
[Black "Zeca1955"]
[Result "0-1"]
[WhiteElo "1581"]
[BlackElo "1895"]

1. e4 e5 2. Nf3 d6 3. Bc4 h6 4. Nc3 Nf6 5. d3 a6 6. h3 Qd7 7. a3 Be7 8. O-O b5
9. Bb3 Bb7 10. Re1 a5 11. a4 b4 12. Na2 Nc6 13. Be3 d5 14. exd5 Nxd5 15. d4 e4
16. Ne5 Nxe5 17. dxe5 O-O 18. Bxd5 Bxd5 19. b3 f5 20. exf6 Bxf6 21. Rb1 c6 22.
Qd2 Kh7 23. Rbd1 Qf7 24. Bf4 Bc3 25. Nxc3 bxc3 26. Qxc3 Qxf4 27. Qg3 Rf6 28.
Qxf4 Rxf4 29. g3 Rf3 30. c4 Be6 31. Re3 Rxe3 32. fxe3 Rb8 33. Rd6 Bxh3 34. Rxc6
Rxb3 35. Ra6 Rb4 36. Rxa5 Rxc4 37. Rh5 Bg4 38. Ra5 Bd7 39. Ra7 Bxa4 40. Kg2 Bc2
41. Ra2 Bd1 42. Kh3 Bf3 43. Ra1 Rc5 44. Kh2 Rh5+ 45. Kg1 Rh1+ 0-1

[Event "AUTO-ADV-4888"]
[Site "http://www.queenalice.com/game.php?id=1865342"]
[Date "2025.11.8"]
[Round "2"]
[White "Castling"]
[Black "Zeca1955"]
[Result "1-0"]
[WhiteElo "1700"]
[BlackElo "1879"]

1. e4 e5 2. Bc4 h6 3. Nf3 Bd6 4. Nc3 Nf6 5. h3 c6 6. a3 b5 7. Bb3 a5 8. d3 Na6
9. Be3 b4 10. Ne2 Bb7 11. O-O O-O 12. Ng3 Qc7 13. Nf5 Kh7 14. Qd2 Nc5 15. Nxg7
Nxb3 16. cxb3 Ng8 17. Nf5 f6 18. Nxh6 Nxh6 19. Bxh6 Rg8 20. Nh4 Bf8 21. Nf5 Rg6
22. Bxf8 Rxf8 23. axb4 axb4 24. Qxb4 c5 25. Rfc1 d6 26. Ra7 Rb8 27. Qa5 Qxa5 28.
Rxa5 Bc8 29. Nxd6 Bxh3 30. Ra7+ Kg8 31. Kh2 Be6 32. Rxc5 Bxb3 33. Rcc7 Kh8 34.
Nf7+ Bxf7 35. Rxf7 Kg8 36. Rfb7 Rd8 37. b4 Rc8 38. g3 Kh8 39. Rh7+ Kg8 40. b5
Rb8 41. Rhb7 Rf8 42. b6 f5 43. exf5 Rxf5 44. Ra8+ Rf8 45. Rxf8+ Kxf8 46. Rb8+
Ke7 47. b7 Rb6 48. f4 Rh6+ 49. Kg2 Rb6 50. fxe5 Kd7 51. Rh8 Kc7 52. b8=Q+ Rxb8
53. Rxb8 Kxb8 54. Kf3 Kc7 55. Ke4 Kc6 56. d4 Kd7 57. d5 Ke7 58. Kf5 Kf7 59. d6
Ke8 60. Kf6 1-0

[Event "AUTO-ADV-4888"]
[Site "http://www.queenalice.com/game.php?id=1865343"]
[Date "2025.11.8"]
[Round "2"]
[White "Zeca1955"]
[Black "Castling"]
[Result "1-0"]
[WhiteElo "1901"]
[BlackElo "1842"]

1. e4 e5 2. Nf3 d6 3. Bc4 h6 4. d4 Bg4 5. h3 Bh5 6. dxe5 Bxf3 7. Qxf3 Qd7 8. O-O
d5 9. exd5 Qa4 10. Qe2 Nd7 11. Bb5 Qd4 12. d6 a6 13. Bxd7+ Kxd7 14. Rd1 Qb6 15.
dxc7+ Kxc7 16. Bf4 Qe6 17. Nc3 Bb4 18. Nd5+ Kb8 19. Nxb4 Ne7 20. Rd6 Qc8 21. e6
Ka7 22. Qe3+ Kb8 23. Rc6+ 1-0

[Event "AUTO-ADV-4888"]
[Site "http://www.queenalice.com/game.php?id=1865345"]
[Date "2025.11.8"]
[Round "2"]
[White "Zeca1955"]
[Black "oniwa"]
[Result "0-1"]
[WhiteElo "1790"]
[BlackElo "1825"]

1. e4 e5 2. Nf3 Nc6 3. Bb5 Nf6 4. O-O Nxe4 5. Re1 Nf6 6. Bxc6 dxc6 7. Nxe5 Be7
8. Qf3 O-O 9. h3 Bd6 10. d4 Re8 11. Bg5 Re6 12. Nc3 h6 13. Bh4 Bb4 14. a3 Ba5
15. Rad1 Bb6 16. d5 Rd6 17. dxc6 Rxd1 18. Rxd1 Qe8 19. cxb7 Bxb7 20. Qxb7 Rb8
21. Qf3 Qxe5 22. g4 Ba5 23. b4 Bb6 24. Bg3 Qe6 25. Ne2 Ne4 26. Nf4 Qc4 27. Qd3
Qxd3 28. Rxd3 c6 29. Kg2 Re8 30. c4 c5 31. b5 Bc7 32. Re3 Kf8 33. Rf3 Nd2 34.
Rc3 Re4 35. Nd5 Bxg3 36. Kxg3 Nxc4 37. a4 Re5 38. Rxc4 Rxd5 39. Kg2 Ke7 40. a5
Kd7 41. Kf3 Kd6 42. Ke3 g6 0-1

[Event "AUTO-MASTER-3253"]
[Site "http://www.queenalice.com/game.php?id=1865936"]
[Date "2025.11.21"]
[Round "2"]
[White "Arnoldus"]
[Black "Zeca1955"]
[Result "1-0"]
[WhiteElo "2221"]
[BlackElo "1889"]

1. d4 d5 2. c4 c6 3. Nc3 e6 4. Nf3 h6 5. e4 Bb4 6. cxd5 Nf6 7. dxe6 Bxe6 8. Bd3
Qc7 9. O-O Nbd7 10. Qe2 O-O-O 11. a3 Ba5 12. b4 Bb6 13. Be3 g5 14. Nb5 Qb8 15.
d5 Bg4 16. Qc2 c5 17. bxc5 Nxc5 18. Bxc5 Kd7 19. Bd6 Rc8 20. Qb2 Qa8 21. Qxf6
1-0

[Event "AUTO-MASTER-3253"]
[Site "http://www.queenalice.com/game.php?id=1865937"]
[Date "2025.11.21"]
[Round "2"]
[White "Zeca1955"]
[Black "Arnoldus"]
[Result "0-1"]
[WhiteElo "1873"]
[BlackElo "2229"]

1. e4 d5 2. e5 Bf5 3. d4 e6 4. Nf3 c5 5. Bg5 Qb6 6. b3 Nc6 7. c3 Bg4 8. Be2 Bxf3
9. Bxf3 cxd4 10. cxd4 Qxd4 11. Qxd4 Nxd4 12. Bd1 Bb4+ 13. Nd2 h6 14. Be3 Nf5 15.
a3 Bc3 16. Rc1 Bxe5 17. b4 Nf6 18. Bc5 b6 19. Be3 Nxe3 20. Bf3 Nf5 21. O-O O-O
22. Rfe1 Bf4 23. Rc2 Bxd2 24. Rxd2 Rfc8 25. Bd1 Ne4 26. Rd3 a5 27. b5 a4 28. Bf3
Nc3 29. g4 Nd6 30. h4 Ndxb5 31. Ra1 Rc4 32. Rc1 Ne2+ 33. Bxe2 Rxc1+ 34. Kg2 Rc3
35. g5 Rxd3 36. Bxd3 Nxa3 37. f4 Nc4 38. Kg3 a3 39. Kg4 a2 40. Kh5 a1=Q 41. Be2
Qg1 42. Bg4 g6+ 43. Kxh6 Qxg4 0-1

[Event "AUTO-MASTER-3253"]
[Site "http://www.queenalice.com/game.php?id=1865940"]
[Date "2025.11.21"]
[Round "2"]
[White "ricardoaurelio"]
[Black "Zeca1955"]
[Result "1-0"]
[WhiteElo "2007"]
[BlackElo "1886"]

1. e4 e5 2. Nf3 Nf6 3. Nc3 Bd6 4. d3 h6 5. Be2 c6 6. O-O b5 7. a3 Qb6 8. h3 Bb7
9. Be3 Qc7 10. b4 a5 11. bxa5 Qxa5 12. Nb1 c5 13. c3 b4 14. cxb4 cxb4 15. Bd2
Qc7 16. Qb3 Nc6 17. Rc1 O-O 18. Ra2 bxa3 19. Nxa3 Ba6 20. Nc4 Rfb8 21. Qc2 Bb4
22. Rca1 Bb7 23. Rxa8 Bxa8 24. Bd1 d5 25. Ne3 Qb6 26. Qb3 d4 27. Nd5 Qd8 28.
Nxb4 Rxb4 29. Bxb4 Nd7 30. Bd6 Nf6 31. Bxe5 Nd7 32. Bxd4 Nxd4 33. Nxd4 Nc5 34.
Qc4 Nd7 35. Bb3 Ne5 36. Qc3 Bb7 37. Ra7 Ba8 38. Nf5 Qb8 39. Rc7 Nxd3 40. Rc8+
1-0

[Event "AUTO-MASTER-3253"]
[Site "http://www.queenalice.com/game.php?id=1865941"]
[Date "2025.11.21"]
[Round "2"]
[White "Zeca1955"]
[Black "ricardoaurelio"]
[Result "0-1"]
[WhiteElo "1901"]
[BlackElo "1995"]

1. e4 e5 2. Nf3 d6 3. d4 Nf6 4. Nc3 exd4 5. Nxd4 Nc6 6. Bb5 Bd7 7. Nxc6 bxc6 8.
Ba4 Be7 9. h3 h6 10. Bb3 O-O 11. O-O Rb8 12. Be3 a5 13. a4 Qc8 14. Qf3 Be6 15.
Bxe6 Qxe6 16. Rfe1 Rfe8 17. b3 Bd8 18. Bd2 Qd7 19. Rad1 Re6 20. Bf4 Qe8 21. Re3
Rb4 22. g4 Nxe4 23. Kg2 Bh4 24. Bg3 Bxg3 25. fxg3 Nxc3 26. Rxc3 Re2+ 27. Kf1
Rbe4 28. Kg1 d5 29. Rf1 f6 30. h4 Qe5 31. Qf5 Qxc3 32. Qc8+ Re8 0-1

[Event "AUTO-ADV-4865"]
[Site "http://www.queenalice.com/game.php?id=1866127"]
[Date "2025.11.24"]
[Round "2"]
[White "IranSilva"]
[Black "Zeca1955"]
[Result "1-0"]
[WhiteElo "2273"]
[BlackElo "1930"]

1. Nf3 d5 2. d4 c6 3. Bf4 e6 4. e3 Nf6 5. Bd3 Bd6 6. Ne5 Qc7 7. O-O c5 8. c3 h6
9. h4 Bd7 10. g4 g5 11. hxg5 hxg5 12. Bxg5 Bxe5 13. dxe5 Ng8 14. Bf4 Nc6 15. Kg2
Nxe5 16. Rh1 Rxh1 17. Qxh1 O-O-O 18. Qh2 f6 19. g5 Qb6 20. Bxe5 fxe5 21. b3 Bc6
22. Qxe5 d4+ 23. Be4 Bxe4+ 24. Qxe4 d3 25. Nd2 Ne7 26. Rh1 Rg8 27. f4 Qa6 28. a4
Nd5 29. Rh6 Nxc3 30. Qxe6+ Qxe6 31. Rxe6 Kd7 32. Rh6 Kc8 33. Rh7 Rg6 34. Kf3 a6
35. e4 b5 36. Rh6 bxa4 37. Rxg6 a3 38. Rxa6 a2 39. g6 Kb7 40. Ra3 Kb6 41. g7 Nb1
42. Rxa2 Nc3 43. Ra8 1-0

[Event "AUTO-ADV-4865"]
[Site "http://www.queenalice.com/game.php?id=1866128"]
[Date "2025.11.24"]
[Round "2"]
[White "Zeca1955"]
[Black "IranSilva"]
[Result "0-1"]
[WhiteElo "1928"]
[BlackElo "2275"]

1. e4 e5 2. Nf3 Nc6 3. Bb5 a6 4. Ba4 b5 5. Bb3 Na5 6. d4 Nxb3 7. axb3 exd4 8.
O-O c5 9. Qe1 Be7 10. Bd2 Nf6 11. e5 Nd5 12. Ba5 Nb6 13. Na3 O-O 14. Nb1 Qc7 15.
Nbd2 Qc6 16. Bxb6 Qxb6 17. c4 Bb7 18. Rb1 Rfe8 19. Qe2 Bf6 20. Qd3 Bxe5 21. Ng5
Qg6 22. Qxg6 hxg6 23. f4 Bf6 24. h4 Re2 25. Rf2 Rae8 26. Rbf1 d3 27. Ngf3 Bxb2
28. Rxe2 Rxe2 29. Rf2 d5 30. cxb5 axb5 31. Kf1 Rxf2+ 32. Kxf2 c4 33. bxc4 dxc4
34. Ke3 Ba6 35. Nd4 b4 36. Nc6 Bc3 37. Ne4 Be1 38. g3 Bb7 39. Ne5 Bxe4 40. Kxe4
d2 0-1

[Event "AUTO-ADV-4894"]
[Site "http://www.queenalice.com/game.php?id=1866866"]
[Date "2025.12.10"]
[Round "2"]
[White "Capixabba789"]
[Black "Zeca1955"]
[Result "1-0"]
[WhiteElo "1834"]
[BlackElo "1805"]

1. d4 d5 2. Nc3 e6 3. f4 Nh6 4. Nf3 Nf5 5. e3 Bb4 6. Bd2 c5 7. Be2 b6 8. O-O Qf6
9. Nb5 Qe7 10. c3 Ba5 11. a4 a6 12. Na3 Bd7 13. Ne5 Nc6 14. Bd3 c4 15. Bc2 h5
16. e4 Nd6 17. exd5 exd5 18. Re1 Nxe5 19. Rxe5 Be6 20. f5 Nxf5 21. Bxf5 Qf6 22.
Bxe6 fxe6 23. Qe1 O-O-O 24. Bg5 Qg6 25. Bxd8 Rxd8 26. Rxe6 Qf7 27. Qe2 b5 28.
axb5 axb5 29. Nxb5 Bc7 30. Rc6 Rd7 31. Ra7 1-0

[Event "AUTO-ADV-4894"]
[Site "http://www.queenalice.com/game.php?id=1866867"]
[Date "2025.12.10"]
[Round "2"]
[White "Zeca1955"]
[Black "Capixabba789"]
[Result "1-0"]
[WhiteElo "1871"]
[BlackElo "1916"]

1. c4 e5 2. e4 Nf6 3. d3 d6 4. h3 Be7 5. Nf3 c5 6. Nc3 Nc6 7. Be2 Be6 8. Bd2 Nd4
9. Nxd4 cxd4 10. Nd5 O-O 11. Nxe7+ Qxe7 12. Bb4 a5 13. Bd2 b6 14. O-O Rfb8 15.
a4 Qe8 16. Bg5 Rc8 17. Bxf6 gxf6 18. Bg4 Qf8 19. f4 Bxg4 20. Qxg4+ Kh8 21. fxe5
fxe5 22. Rf6 Rc7 23. Raf1 Raa7 24. R1f5 Rd7 25. Rh5 1-0

[Event "AUTO-ADV-4894"]
[Site "http://www.queenalice.com/game.php?id=1866870"]
[Date "2025.12.10"]
[Round "2"]
[White "marcoswerneck"]
[Black "Zeca1955"]
[Result "1-0"]
[WhiteElo "1859"]
[BlackElo "1834"]

1. e4 e5 2. d3 Nf6 3. a3 Bc5 4. h3 d5 5. Be2 d4 6. Nf3 Nc6 7. Bg5 O-O 8. Bh4 h6
9. Nbd2 b6 10. Bxf6 Qxf6 11. Nc4 1-0

[Event "AUTO-ADV-4894"]
[Site "http://www.queenalice.com/game.php?id=1866871"]
[Date "2025.12.10"]
[Round "2"]
[White "Zeca1955"]
[Black "marcoswerneck"]
[Result "0-1"]
[WhiteElo "1819"]
[BlackElo "1874"]

1. e4 e5 2. Nf3 d6 3. Bc4 h6 4. h3 a6 5. O-O g5 6. Bd5 Qd7 7. Nc3 Nf6 8. Bb3 Nc6
9. d4 g4 10. dxe5 gxh3 0-1